25 Random Missing Countries on a Map - Statistics

General Stats
  • This quiz has been taken 2,394 times
  • The average score is 21 of 25
Answers on the Map
Answers color-coded by a green-red scale on the quiz's map according to % correct below.
 
Answer Stats
Country % Correct
Algeria
100%
Argentina
100%
Australia
100%
Benin
100%
Bolivia
100%
Brazil
100%
Canada
100%
China
100%
Czech Republic
100%
Egypt
100%
France
100%
Germany
100%
Iran
100%
Kazakhstan
100%
Mauritania
100%
Mexico
100%
Mongolia
100%
Paraguay
100%
Peru
100%
Russia
100%
Saudi Arabia
100%
South Sudan
100%
Spain
100%
Turkey
100%
Ukraine
100%
United States
100%
Venezuela
100%
Colombia
98%
Democratic Republic of the Congo
98%
Ethiopia
98%
Indonesia
98%
Niger
98%
Sudan
98%
Sweden
98%
Chad
97%
Libya
97%
Panama
97%
Poland
97%
Uzbekistan
97%
Belgium
96%
Italy
96%
Nepal
96%
Romania
96%
Slovakia
96%
South Africa
96%
Thailand
96%
Austria
95%
Belarus
95%
Guatemala
95%
Guinea
95%
India
95%
Lesotho
95%
Mali
95%
Moldova
95%
Pakistan
95%
South Korea
95%
Switzerland
95%
Afghanistan
94%
Iraq
94%
Yemen
94%
Zambia
94%
Zimbabwe
94%
Central African Republic
93%
Costa Rica
93%
Ecuador
93%
Mozambique
93%
Nigeria
93%
United Kingdom
93%
Uruguay
93%
Croatia
92%
Finland
92%
Hungary
92%
Morocco
92%
Namibia
92%
Portugal
92%
Senegal
92%
Tajikistan
92%
Bosnia and Herzegovina
91%
Guyana
91%
Jordan
91%
Laos
91%
Nicaragua
91%
Norway
91%
Eritrea
90%
Lithuania
90%
Serbia
90%
Suriname
90%
Tanzania
90%
Togo
90%
Azerbaijan
89%
Bhutan
89%
Botswana
89%
Myanmar
89%
Oman
89%
Republic of the Congo
89%
Taiwan
89%
Bangladesh
88%
Burkina Faso
88%
Chile
88%
Kenya
88%
Kyrgyzstan
88%
Syria
88%
Uganda
88%
Angola
87%
Bulgaria
87%
Ghana
87%
North Korea
87%
Tunisia
87%
Japan
86%
New Zealand
86%
North Macedonia
86%
Honduras
85%
Netherlands
85%
Philippines
85%
Turkmenistan
85%
Gabon
84%
Greece
84%
Jamaica
84%
Kosovo
84%
Rwanda
84%
Armenia
83%
Slovenia
83%
Cambodia
82%
Cameroon
82%
Papua New Guinea
82%
Sri Lanka
82%
Comoros
81%
Equatorial Guinea
81%
Ivory Coast
81%
Luxembourg
80%
Madagascar
80%
Malaysia
80%
Somalia
80%
Cuba
79%
Vietnam
79%
Malawi
78%
Montenegro
78%
Latvia
77%
Ireland
76%
Maldives
76%
Eswatini
74%
Haiti
74%
Mauritius
74%
Sierra Leone
74%
Denmark
73%
Dominican Republic
72%
Georgia
71%
Liberia
70%
Seychelles
70%
Vanuatu
70%
Bahamas
69%
Cape Verde
68%
Iceland
68%
Estonia
67%
Kiribati
67%
Kuwait
67%
Micronesia
67%
São Tomé and Príncipe
67%
Tuvalu
67%
Guinea-Bissau
66%
Israel
65%
El Salvador
64%
Fiji
64%
Nauru
64%
Solomon Islands
64%
Belize
63%
Burundi
63%
Samoa
63%
Malta
61%
Palau
61%
Djibouti
60%
Albania
59%
Cyprus
59%
Gambia
59%
Marshall Islands
59%
United Arab Emirates
59%
Tonga
57%
Qatar
55%
Lebanon
52%
East Timor
37%
Trinidad and Tobago
32%
No matching quizzes found
Score Distribution
Percent of People with Each Score
Percentile by Number Answered
Your Score History
You have not taken this quiz